Score 0/13 Timer 01:00
0 Plays Today
Clue 4-Letter Word % Correct
ExamTEST
96.2%
Portable camping shelterTENT
94.5%
ShrubBUSH
94%
A sculpture from shoulders upBUST
90.8%
Heart pulsationBEAT
90.3%
Disfigured; out of shapeBENT
88.1%
A-1; the topsBEST
88.1%
Jackie Chan and Chris Tucker movie: [First Rung] [Last Rung]RUSH
81.8%
Tip liquid out of a vesselPOUR
80.3%
Jackie Chan and Chris Tucker movie: [First Rung] [Last Rung]HOUR
74.9%
Whinge and whine sullenlyPOUT
64.7%
A round in a fighting contestBOUT
63.2%
Tug, e.g.BOAT
59%

Today's Daily Dose

Missing Word
I Hardly Know Her!

Word Ladder
Sentence Ending

Quick Pick
Female Firsts

Get the Picture
Triathlon Sports

Remove Ads.
Support Sporcle.
Get the best of Sporcle when you Go Orange. This ad-free experience offers more features, more stats, and more fun while also helping to support Sporcle. Thank you for becoming a member.

You're not logged in!

Compare scores with friends on all Sporcle quizzes.
OR
Log In

Show Comments

Extras

Top Quizzes Today


Score Distribution

Your Account Isn't Verified!

In order to create a playlist on Sporcle, you need to verify the email address you used during registration. Go to your Sporcle Settings to finish the process.

Report this User

Report this user for behavior that violates our Community Guidelines.

Details: